000 01571cam a22003374a 4500
090 _c0
001 13937111
005 20070725083330.0
008 050420s2005 enka b 001 0 eng
010 _a2005011264
020 _a9780521852883 (hardback)
020 _a0521852889 (hardback)
040 _aDLC
_cDLC
_dDLC
042 _apcc
050 0 0 _aTA345
_b.K58 2005
082 0 0 _a620.001518
_222
_bKIU
100 1 _aKiusalaas, Jaan.
245 1 0 _aNumerical Methods in Engineering With MATLAB /
_cJaan Kiusalaas.
260 _aCambridge [England] ;
_aNew York :
_bCambridge University Press,
_cc2005.
300 _aviii, 426 p. :
_bill. ;
_c24 cm.
504 _aIncludes bibliographical references and index.
630 0 0 _aMATLAB.
650 0 _aEngineering mathematics
_xData processing.
650 0 _aNumerical analysis
_xData processing.
856 4 1 _3Table of contents only
_uhttp://www.loc.gov/catdir/toc/ecip0511/2005011264.html
856 4 2 _3Publisher description
_uhttp://www.loc.gov/catdir/enhancements/fy0632/2005011264-d.html
856 4 2 _3Contributor biographical information
_uhttp://www.loc.gov/catdir/enhancements/fy0733/2005011264-b.html
942 _2ddc
_cBB
999 _c10439
_d10439